| 000 | 01326nam a2200361 a 4500 | ||
|---|---|---|---|
| 001 | ebr10495824 | ||
| 003 | CaPaEBR | ||
| 006 | m u | ||
| 007 | cr cn||||||||| | ||
| 008 | 041013s2004 enka sb 001 0 eng d | ||
| 010 | _z 2004302780 | ||
| 020 | _z1855753553 | ||
| 020 | _z9781855753556 | ||
| 020 | _z9781849404518 (e-book) | ||
| 040 |
_aCaPaEBR _cCaPaEBR |
||
| 035 | _a(OCoLC)759160064 | ||
| 050 | 1 | 4 |
_aHQ755.84 _b.S26 2004eb |
| 082 | 0 | 4 |
_a155.42/28 _222 |
| 100 | 1 | _aSansone, Antonella. | |
| 245 | 1 | 0 |
_aMothers, babies, and their body language _h[electronic resource] / _cAntonella Sansone. |
| 260 |
_aLondon ; _aNew York : _bKarnac, _c2004. |
||
| 300 |
_axv, 304 p. : _bill. |
||
| 504 | _aIncludes bibliographical references (p. 285-297) and index. | ||
| 533 |
_aElectronic reproduction. _bPalo Alto, Calif. : _cebrary, _d2011. _nAvailable via World Wide Web. _nAccess may be limited to ebrary affiliated libraries. |
||
| 650 | 0 | _aMother and infant. | |
| 650 | 0 |
_aMothers _xPsychology. |
|
| 650 | 0 | _aInfant psychology. | |
| 650 | 0 | _aBody language. | |
| 650 | 0 | _aBody language in children. | |
| 655 | 7 |
_aElectronic books. _2local |
|
| 710 | 2 | _aebrary, Inc. | |
| 856 | 4 | 0 |
_uhttp://site.ebrary.com/lib/rucke/Doc?id=10495824 _zAn electronic book accessible through the World Wide Web; click to view |
| 999 |
_c130790 _d130790 |
||